[Event "2015 County Championship Final - Minor"]
[Site "Leamington Spa"]
[Date "2015.07.04"]
[Round "1.11"]
[White "Rix, Steven JL"]
[Black "Matthewson, Edward"]
[Result "1/2-1/2"]
[WhiteElo "178"]
[BlackElo "176"]
[PlyCount "105"]
[EventDate "2015.??.??"]
[WhiteTeam "Essex"]
[BlackTeam "Suffolk"]

1. e4 c6 2. d4 d5 3. exd5 cxd5 4. c4 Nf6 5. Nc3 Nc6 6. Bg5 Be6 7. Nf3 h6 8.
Bxf6 exf6 9. Be2 Bb4 10. Qb3 dxc4 11. Bxc4 Bxc4 12. Qxc4 O-O 13. O-O Rc8 14.
Rfd1 Qa5 15. Qb3 Ne7 16. Rac1 Rfd8 17. a3 Bd6 18. Ne4 Rxc1 19. Rxc1 Qd5 20.
Qxd5 Nxd5 21. Nxd6 Rxd6 22. Rc8+ Kh7 23. Kf1 g6 24. Rc2 Kg7 25. g3 Kf8 26. Ke2
Ke7 27. Kd3 Kd7 28. Nd2 Rc6 29. Rc5 Ne7 30. Ne4 f5 31. Nc3 b6 32. Rxc6 Kxc6 33.
Kc4 a6 34. d5+ Kd6 35. Kd4 g5 36. h3 h5 37. g4 hxg4 38. hxg4 fxg4 39. Ne4+ Kd7
40. Ke5 Ng6+ 41. Kf6 Nf4 42. Kxf7 Nd3 43. b3 Nxf2 44. Nxf2 g3 45. Nh3 Kd6 46.
Nxg5 Kxd5 47. Ke7 Kd4 48. Kd6 g2 49. Nf3+ Kc3 50. Kc6 Kxb3 51. Kxb6 Kxa3 52.
Kxa6 Kb4 53. Kb6 1/2-1/2

[Event "2015 County Championship Final - Minor"]
[Site "Leamington Spa"]
[Date "2015.07.04"]
[Round "1.12"]
[White "Burnett, Leon"]
[Black "White, John A"]
[Result "1/2-1/2"]
[WhiteElo "176"]
[BlackElo "177"]
[PlyCount "84"]
[EventDate "2015.??.??"]
[WhiteTeam "Suffolk"]
[BlackTeam "Essex"]

1. c4 e5 2. Nc3 Nc6 3. g3 g6 4. Bg2 Bg7 5. e4 d6 6. Nge2 f5 7. d3 Nh6 8. h3 O-O
9. O-O f4 10. gxf4 Qh4 11. f5 gxf5 12. exf5 Bxf5 13. Ng3 Bxh3 14. Qh5 Qxh5 15.
Nxh5 Bxg2 16. Kxg2 Ng4 17. Nxg7 Kxg7 18. Nd5 Rf7 19. Bg5 Nd4 20. f3 Nh6 21. f4
c6 22. Nc3 Nhf5 23. fxe5 dxe5 24. Rae1 h6 25. Bc1 Nh4+ 26. Kh3 Nhf3 27. Rd1
Raf8 28. Rh1 Ng5+ 29. Bxg5 hxg5 30. Ne4 Rf3+ 31. Kg2 R8f4 32. Rh3 Rg4+ 33. Kh2
Rxh3+ 34. Kxh3 Rh4+ 35. Kg2 Nf5 36. Re1 Kg6 37. Nf2 Kf6 38. Ne4+ Kg6 39. Nf2
Kf6 40. Ne4+ Ke7 41. Nc5 Rg4+ 42. Kh3 Rh4+ 1/2-1/2

[Event "2015 County Championship Final - Minor"]
[Site "Leamington Spa"]
[Date "2015.07.04"]
[Round "1.13"]
[White "Marden, Larry E"]
[Black "Ruthen, Stephen W"]
[Result "1-0"]
[WhiteElo "175"]
[BlackElo "175"]
[PlyCount "75"]
[EventDate "2015.??.??"]
[WhiteTeam "Essex"]
[BlackTeam "Suffolk"]

1. d4 Nf6 2. c4 g6 3. Nc3 Bg7 4. e4 d6 5. Nf3 O-O 6. Be2 e5 7. O-O Nc6 8. d5
Ne7 9. Bg5 Ne8 10. Nd2 f5 11. f3 h6 12. Be3 f4 13. Bf2 g5 14. c5 Ng6 15. a4 Nf6
16. a5 h5 17. h3 g4 18. fxg4 hxg4 19. hxg4 Bh6 20. cxd6 cxd6 21. Nb5 f3 22.
Bxf3 Nf4 23. Nc4 Ne8 24. Ne3 a6 25. Nc3 Bg5 26. Nf5 Bd7 27. Bb6 Qf6 28. g3 Ng6
29. Kg2 Ng7 30. Be2 Ne7 31. Bc7 Nexf5 32. exf5 Bxf5 33. gxf5 Nxf5 34. Bb6 Qg7
35. Bg4 Nh6 36. Be6+ Kh8 37. Qh5 Bf4 38. Ne4 1-0

[Event "2015 County Championship Final - Minor"]
[Site "Leamington Spa"]
[Date "2015.07.04"]
[Round "1.14"]
[White "Lamont, Richard"]
[Black "Wei, Naomi"]
[Result "1-0"]
[WhiteElo "165"]
[BlackElo "162"]
[PlyCount "147"]
[EventDate "2015.??.??"]
[WhiteTeam "Suffolk"]
[BlackTeam "Essex"]

1. e4 e6 2. d4 d5 3. Nc3 Nf6 4. Bg5 Be7 5. e5 Nfd7 6. Bxe7 Qxe7 7. f4 a6 8. Nf3
c5 9. dxc5 Nxc5 10. Be2 O-O 11. O-O b5 12. a3 Nc6 13. b4 Nd7 14. Bd3 f6 15.
exf6 Nxf6 16. Re1 d4 17. Ne4 Nd5 18. Nc5 Rxf4 19. Ne5 Nxe5 20. Rxe5 Qf6 21. Qh5
g6 22. Qg5 Qxg5 23. Rxg5 Ne3 24. a4 bxa4 25. Rxa4 Rb8 26. Re5 Rb6 27. b5 axb5
28. Ra8 Rf8 29. Re4 Rc6 30. Nb3 Rxc2 31. Rxe3 Rc3 32. Rf3 Rxf3 33. gxf3 Rxd3
34. Rxc8+ Kf7 35. Rc7+ Kf6 36. Nc5 Rxf3 37. Rb7 h5 38. Rxb5 e5 39. Nd7+ Ke6 40.
Nxe5 Rf5 41. Nc6 Rf4 42. Nb4 Rg4+ 43. Kf1 h4 44. Nd3 g5 45. Nf2 Rf4 46. Rxg5 d3
47. Rg4 Rxg4 48. Nxg4 Kf5 49. Nf2 d2 50. Ke2 Kf4 51. Kxd2 Kf3 52. Ke1 Kg2 53.
h3 Kf3 54. Kf1 Kg3 55. Ke2 Kf4 56. Nh1 Ke4 57. Kf2 Kf4 58. Kg2 Ke4 59. Nf2+ Kf4
60. Ng4 Ke4 61. Nh2 Kf4 62. Nf3 Kf5 63. Nxh4+ Kg5 64. Nf3+ Kh5 65. Kg3 Kh6 66.
Kg4 Kg6 67. Ne5+ Kh6 68. h4 Kh7 69. Kg5 Kg7 70. h5 Kh7 71. h6 Kh8 72. Kg6 Kg8
73. h7+ Kh8 74. Nf7# 1-0

[Event "2015 County Championship Final - Minor"]
[Site "Leamington Spa"]
[Date "2015.07.04"]
[Round "1.15"]
[White "Mulay, Partha"]
[Black "Feavyour, John A"]
[Result "1/2-1/2"]
[WhiteElo "144"]
[BlackElo "165"]
[PlyCount "67"]
[EventDate "2015.??.??"]
[WhiteTeam "Essex"]
[BlackTeam "Suffolk"]

1. e4 c5 2. Nf3 d6 3. Bb5+ Bd7 4. Bxd7+ Qxd7 5. c4 Nc6 6. d4 cxd4 7. Nxd4 Nf6
8. Nc3 g6 9. f3 Bg7 10. Be3 O-O 11. O-O Rac8 12. b3 b6 13. Qd2 Nxd4 14. Bxd4
Ne8 15. a4 Bxd4+ 16. Qxd4 Nc7 17. a5 Ne6 18. Qe3 Rb8 19. axb6 axb6 20. Nb5 Rb7
21. Rfd1 Qc6 22. Rd5 Nc7 23. Nxc7 Qxc7 24. Rb5 Rfb8 25. Ra6 f6 26. h4 Kg7 27.
g4 d5 28. e5 dxc4 29. exf6+ exf6 30. bxc4 Qg3+ 31. Kf1 Qxh4 32. Raxb6 Qh1+ 33.
Kf2 Qh2+ 34. Kf1 1/2-1/2

[Event "2015 County Championship Final - Minor"]
[Site "Leamington Spa"]
[Date "2015.07.04"]
[Round "1.16"]
[White "Lightfoot, Malcolm J"]
[Black "Cocks, Elliot"]
[Result "1-0"]
[WhiteElo "154"]
[BlackElo "144"]
[PlyCount "67"]
[EventDate "2015.??.??"]
[WhiteTeam "Suffolk"]
[BlackTeam "Essex"]

1. e4 c5 2. Nf3 Nc6 3. d4 cxd4 4. Nxd4 Nf6 5. Nc3 e5 6. Ndb5 d6 7. Bg5 a6 8.
Bxf6 gxf6 9. Na3 b5 10. Nd5 f5 11. exf5 Bxf5 12. c3 Bg7 13. Nc2 O-O 14. Nce3
Be6 15. Bd3 f5 16. O-O e4 17. Nf4 Bd7 18. Bc2 Be5 19. Ned5 Qg5 20. g3 Nd8 21.
Qh5 Qg7 22. f3 Ne6 23. Kh1 Nxf4 24. gxf4 Be8 25. Qh3 Bf6 26. fxe4 fxe4 27. Rg1
Bg6 28. f5 Rae8 29. fxg6 hxg6 30. Raf1 Bd8 31. Rxf8+ Kxf8 32. Nf4 g5 33. Ne6+
Rxe6 34. Qxe6 1-0

[Event "2015 County Championship Final - U180"]
[Site "Leamington Spa"]
[Date "2015.07.04"]
[Round "1.1"]
[White "Tasker, Michael W"]
[Black "Underwood, Jonathan"]
[Result "1/2-1/2"]
[WhiteElo "187"]
[BlackElo "180"]
[PlyCount "38"]
[EventDate "2015.??.??"]
[WhiteTeam "Middlesex"]
[BlackTeam "Devon"]

1. Nf3 f5 2. d4 Nf6 3. g3 e6 4. Bg2 d5 5. c4 c6 6. O-O Bd6 7. b3 Qe7 8. Bb2 b6
9. Nbd2 Bb7 10. Qc2 O-O 11. Ne5 Na6 12. Rac1 Rac8 13. Qb1 Ne4 14. Ndf3 c5 15.
Rfd1 cxd4 16. Bxd4 Rfd8 17. e3 Ba3 18. Bb2 Bb4 19. Qa1 dxc4 1/2-1/2

[Event "2015 County Championship Final - U180"]
[Site "Leamington Spa"]
[Date "2015.07.04"]
[Round "1.2"]
[White "Regis, David"]
[Black "Nettleton, Charlie B"]
[Result "1/2-1/2"]
[WhiteElo "181"]
[BlackElo "169"]
[PlyCount "71"]
[EventDate "2015.??.??"]
[WhiteTeam "Devon"]
[BlackTeam "Middlesex"]

1. c4 e6 2. g3 f5 3. Bg2 Nf6 4. Nf3 Be7 5. d3 d6 6. Nc3 Nc6 7. e4 e5 8. h3 O-O
9. O-O Qe8 10. exf5 Bxf5 11. Nh4 Be6 12. Nd5 Qd7 13. Kh2 Bd8 14. Be3 Qf7 15.
Nxf6+ Bxf6 16. Nf3 e4 17. dxe4 Bxc4 18. Re1 Bxa2 19. e5 Bb3 20. Qc1 dxe5 21.
Nd2 Bd5 22. Ne4 Rfd8 23. Rd1 Nd4 24. Ra3 c6 25. Rad3 Bxe4 26. Bxe4 Rac8 27. b4
Nb5 28. Rxd8+ Rxd8 29. Rxd8+ Bxd8 30. Qa1 $11 Qc7 31. Kg2 Be7 32. Qa2+ Kh8 33.
Qf7 Qd8 34. Qh5 Qg8 35. Qxe5 Bxb4 36. Bxh7 1/2-1/2

[Event "2015 County Championship Final - U180"]
[Site "Leamington Spa"]
[Date "2015.07.04"]
[Round "1.3"]
[White "Chan, Nevil"]
[Black "Brusey, Alan"]
[Result "1-0"]
[WhiteElo "179"]
[BlackElo "181"]
[PlyCount "101"]
[EventDate "2015.??.??"]
[WhiteTeam "Middlesex"]
[BlackTeam "Devon"]

1. d4 d5 2. Nc3 e6 3. Nf3 c5 4. e4 Nf6 5. Bg5 Be7 6. dxc5 dxe4 7. Qxd8+ Bxd8 8.
Nd2 O-O 9. Ncxe4 Nbd7 10. Nxf6+ Nxf6 11. Be2 Bd7 12. Bf3 Rc8 13. O-O-O Bc6 14.
Bxc6 Rxc6 15. Nb3 Rc8 16. Bxf6 gxf6 17. Rd7 Bc7 18. Rhd1 f5 19. R1d3 Kg7 20.
Kd1 Kf6 21. c3 e5 22. Ke2 Ke6 23. g3 Rg8 24. Nc1 f4 25. gxf4 exf4 26. Kf3 Rgd8
27. Rxd8 Rxd8 28. Rxd8 Bxd8 29. Nd3 Kf5 30. h3 Bc7 31. b4 Bb8 32. b5 Bc7 33. a4
Bd8 34. Nxf4 Ke5 35. Nd3+ Kd5 36. c6 bxc6 37. bxc6 Bc7 38. Nb4+ Kc5 39. Na6+
Kxc6 40. Nxc7 Kxc7 41. Ke4 Kd6 42. Kd4 f5 43. f4 a5 44. h4 h5 45. c4 Kc6 46.
Ke5 Kc5 47. Kxf5 Kxc4 48. Kg6 Kb4 49. f5 Kxa4 50. f6 Kb3 51. f7 1-0

[Event "2015 County Championship Final - U180"]
[Site "Leamington Spa"]
[Date "2015.07.04"]
[Round "1.4"]
[White "Calvert, D Ian"]
[Black "Hewson, Brian WR"]
[Result "1/2-1/2"]
[WhiteElo "176"]
[BlackElo "176"]
[PlyCount "55"]
[EventDate "2015.??.??"]
[WhiteTeam "Devon"]
[BlackTeam "Middlesex"]

1. d4 d5 2. Nf3 Nf6 3. c4 c6 4. Nc3 dxc4 5. a4 Bf5 6. e3 e6 7. Bxc4 Bb4 8. O-O
Nbd7 9. Qb3 a5 10. Rd1 O-O 11. Ne5 Nxe5 12. dxe5 Nd7 13. e4 Bg4 14. f3 Qb6+ 15.
Kh1 Nc5 16. Qc2 Bh5 17. Be3 Qc7 18. Qf2 Na6 19. Qg3 Rad8 20. Bg5 Rxd1+ 21. Nxd1
Be7 22. Qh4 Bxg5 23. Qxg5 Bg6 24. h4 h6 25. Qf4 Nc5 26. Qg3 Nd7 27. Bxe6 Qxe5
28. Qxe5 1/2-1/2

[Event "2015 County Championship Final - U180"]
[Site "Leamington Spa"]
[Date "2015.07.04"]
[Round "1.5"]
[White "Crichton, Martin R"]
[Black "Martin, Steven"]
[Result "0-1"]
[WhiteElo "176"]
[BlackElo "175"]
[PlyCount "68"]
[EventDate "2015.??.??"]
[WhiteTeam "Middlesex"]
[BlackTeam "Devon"]

1. c4 Nf6 2. Nc3 e5 3. g3 Bc5 4. Nf3 Nc6 5. Bg2 O-O 6. O-O Re8 7. d3 h6 8. Nd2
d6 9. Nde4 Nxe4 10. Nxe4 Bb6 11. Nc3 a6 12. a3 Rb8 13. b4 Bg4 14. h3 Bh5 15.
Kh2 Bd4 16. Bd2 f5 17. Rc1 Ne7 18. Qe1 c6 19. e3 Ba7 20. e4 Bg6 21. f4 Qd7 22.
Be3 Bxe3 23. Qxe3 Rbd8 24. Rcd1 $11 Kh7 25. Rf2 Ng8 26. Rdf1 exf4 27. Qxf4 fxe4
28. Nxe4 Re5 29. c5 Bxe4 30. Bxe4+ Kh8 31. cxd6 Qxd6 32. Qh4 Ree8 33. Rf7 Rf8
34. Qxd8 Rxd8 0-1

[Event "2015 County Championship Final - U180"]
[Site "Leamington Spa"]
[Date "2015.07.04"]
[Round "1.6"]
[White "Abbott, Mark V"]
[Black "Mackenzie, Colin"]
[Result "1-0"]
[WhiteElo "171"]
[BlackElo "175"]
[PlyCount "129"]
[EventDate "2015.??.??"]
[WhiteTeam "Devon"]
[BlackTeam "Middlesex"]

1. d4 e6 2. c4 Nf6 3. Nc3 Bb4 4. e3 c5 5. a3 Bxc3+ 6. bxc3 d5 7. cxd5 exd5 8.
Bd3 O-O 9. Ne2 b6 10. O-O Ba6 11. f3 Bxd3 12. Qxd3 Re8 13. Ng3 Nc6 14. Bb2 c4
15. Qd2 Qd7 16. Rae1 Re6 17. Bc1 Rae8 18. Qc2 b5 19. e4 a5 20. e5 Qa7 21. Qf2
Nd7 22. f4 b4 23. f5 R6e7 24. f6 Re6 25. fxg7 Ndxe5 26. dxe5 Qxf2+ 27. Rxf2
Nxe5 28. Ref1 bxc3 29. Nh5 R8e7 $11 30. Nf6+ Kxg7 31. Nxd5 Rb7 32. Nf4 Rd6 33.
Nh5+ Kf8 34. Nf6 Nd3 35. Bh6+ Ke7 36. Re2+ Kd8 37. Re8+ Kc7 38. Re7+ Kc6 39.
Rxb7 Kxb7 40. Be3 Re6 41. Rb1+ Kc8 42. Nd5 c2 43. Rf1 Kd7 44. Bc1 Kc6 45. Nc3
Kc5 46. Rf5+ Kc6 47. Rf1 Kc5 48. Bd2 Kd4 49. Nb5+ Kc5 50. Nc3 Kd4 51. Na2 Re2
52. Bxa5 Re7 53. Bb6+ Ke4 54. a4 Rb7 55. a5 f5 56. g3 h5 57. Kg2 h4 58. Nc3+
Ke5 59. Ne2 hxg3 60. hxg3 Ke4 61. Nc3+ Ke5 62. Ne2 Ke4 63. Nc1 Nxc1 64. Rxc1
Kd5 65. Kf3 {Remaining moves unclear. White won in 81.} 1-0

[Event "2015 County Championship Final - U180"]
[Site "Leamington Spa"]
[Date "2015.07.04"]
[Round "1.7"]
[White "Kane, Robert (Bob) B"]
[Black "Shaw, Meyrick"]
[Result "1/2-1/2"]
[WhiteElo "173"]
[BlackElo "173"]
[PlyCount "43"]
[EventDate "2015.??.??"]
[WhiteTeam "Middlesex"]
[BlackTeam "Devon"]

1. d4 Nf6 2. Nf3 e6 3. e3 b6 4. Bd3 Bb7 5. O-O d5 6. b3 Bd6 7. Bb2 Nbd7 8. Ne5
O-O 9. f4 c5 10. Nxd7 Nxd7 11. dxc5 Nxc5 12. Bxh7+ Kxh7 13. Qh5+ Kg8 14. Bxg7
Kxg7 15. Qg4+ Kh7 16. Qh5+ Kg7 17. Qg4+ Kh7 18. Rf3 Qf6 19. Rh3+ Qh6 20. Rxh6+
Kxh6 21. Qg5+ Kh7 22. Qh5+ 1/2-1/2

[Event "2015 County Championship Final - U180"]
[Site "Leamington Spa"]
[Date "2015.07.04"]
[Round "1.8"]
[White "Ingram, H William"]
[Black "Taylor, William J"]
[Result "1/2-1/2"]
[WhiteElo "168"]
[BlackElo "173"]
[PlyCount "49"]
[EventDate "2015.??.??"]
[WhiteTeam "Devon"]
[BlackTeam "Middlesex"]

1. d4 Nf6 2. Nf3 g6 3. Bf4 Bg7 4. e3 O-O 5. Be2 d6 6. O-O c5 7. c3 b6 8. Nbd2
Bb7 9. h3 Nc6 10. Bh2 Rc8 11. a3 Qc7 12. Rc1 Qb8 13. b4 Qa8 14. bxc5 dxc5 15.
Qa4 e6 16. Ba6 Rfd8 17. Bxb7 Qxb7 18. dxc5 b5 19. Rb1 bxa4 20. Rxb7 Nd7 21. Ne4
e5 22. Rfb1 f5 23. Nd6 Rb8 24. Rxb8 Rxb8 25. Rxb8+ 1/2-1/2

[Event "2015 County Championship Final - U180"]
[Site "Leamington Spa"]
[Date "2015.07.04"]
[Round "1.9"]
[White "Dydak, Mateusz"]
[Black "Stinton-Brownbridge, Michael H"]
[Result "1/2-1/2"]
[WhiteElo "170"]
[BlackElo "168"]
[PlyCount "104"]
[EventDate "2015.??.??"]
[WhiteTeam "Middlesex"]
[BlackTeam "Devon"]

1. f4 c5 2. Nf3 Nc6 3. g3 g6 4. Bg2 Bg7 5. O-O d6 6. c3 Qb6 7. Na3 c4+ 8. Kh1
Qa6 9. Nc2 Nf6 10. Nfd4 O-O 11. Nxc6 bxc6 12. Nb4 Qb6 13. Nxc6 Bb7 14. Qa4 Rfe8
15. b4 a6 16. Qa5 Qb5 17. a4 Qxa5 18. Nxa5 Bxg2+ 19. Kxg2 d5 20. Nc6 Nd7 21.
Ba3 e5 22. fxe5 Nxe5 23. Nxe5 Rxe5 24. e3 Bf8 25. Rf6 Re6 26. Rxe6 fxe6 27. Kf3
Bd6 28. Ke2 Kg7 29. Bb2 Rb8 30. Rf1 Rb7 31. d3 cxd3+ 32. Kxd3 Be5 33. Rf2 Rc7
34. Rc2 Rc4 35. a5 h5 36. Re2 Re4 $11 37. Rg2 Rc4 38. h3 Kf7 39. g4 h4 40. Re2
Re4 41. Bc1 Rc4 42. Bd2 Ke7 43. e4 Kd6 44. exd5 exd5 45. Rf2 Ke7 46. Rf3 Bf6
47. Be1 Re4 48. Bf2 Ke6 49. Re3 Ke5 50. Rf3 Ke6 51. Be3 Rc4 52. Bd2 Re4 1/2-1/2

[Event "2015 County Championship Final - U180"]
[Site "Leamington Spa"]
[Date "2015.07.04"]
[Round "1.10"]
[White "Dean, Steve K"]
[Black "Dickson, George A"]
[Result "1/2-1/2"]
[WhiteElo "167"]
[BlackElo "167"]
[PlyCount "80"]
[EventDate "2015.??.??"]
[WhiteTeam "Devon"]
[BlackTeam "Middlesex"]

1. d4 Nf6 2. Bf4 g6 3. e3 Bg7 4. Nf3 O-O 5. Be2 d6 6. h3 Nbd7 7. O-O c5 8. c3
b6 9. Nbd2 Bb7 10. a4 Nd5 11. Bh2 cxd4 12. exd4 N7f6 13. a5 bxa5 14. Qa4 Bh6
15. Rfe1 Nf4 16. Bf1 N6d5 17. Qxa5 Qd7 18. c4 Nc7 19. d5 Rfc8 20. Re4 e5 21.
Ree1 Na6 22. Ne4 Bg7 23. Qb5 Qxb5 24. cxb5 Nc5 25. Nxd6 Rd8 26. Nxb7 Nxb7 27.
Nxe5 Nxd5 28. Nc6 Rd7 29. Rxa7 Rxa7 30. Nxa7 Bxb2 31. Re8+ Kg7 32. Be5+ Bxe5
33. Rxe5 Kf6 34. Re1 Nd6 35. Nc6 Nc3 36. Nd4 Rb7 37. Rc1 Ncxb5 38. Nxb5 Nxb5
39. Bxb5 Rxb5 40. Re1 Re5 1/2-1/2

[Event "2015 County Championship Final - U180"]
[Site "Leamington Spa"]
[Date "2015.07.04"]
[Round "1.11"]
[White "Fulton, Anthony R"]
[Black "Atkins, Keith P"]
[Result "1-0"]
[WhiteElo "173"]
[BlackElo "160"]
[PlyCount "51"]
[EventDate "2015.??.??"]
[WhiteTeam "Middlesex"]
[BlackTeam "Devon"]

1. d4 f5 2. c4 Nf6 3. Nc3 g6 4. Nf3 d6 5. b4 Bg7 6. Bb2 c6 7. Qb3 O-O 8. e3 d5
9. cxd5 cxd5 10. b5 e6 11. Be2 Nbd7 12. O-O b6 13. a4 Bb7 14. Rac1 Rc8 15. Na2
Ne4 16. Ba3 Re8 17. Rxc8 Qxc8 18. Rc1 Qb8 19. Nb4 Rc8 20. Nc6 Bxc6 21. bxc6
Ndf6 22. Ne5 Nxf2 23. Ba6 N6g4 24. Bxc8 Bxe5 25. Bxe6+ Kg7 26. dxe5 1-0

[Event "2015 County Championship Final - U180"]
[Site "Leamington Spa"]
[Date "2015.07.04"]
[Round "1.12"]
[White "Butland, Nick J"]
[Black "Fincham, Leon HJ"]
[Result "0-1"]
[WhiteElo "158"]
[BlackElo "166"]
[PlyCount "106"]
[EventDate "2015.??.??"]
[WhiteTeam "Devon"]
[BlackTeam "Middlesex"]

1. b4 c6 2. Bb2 Qb6 3. a3 a5 4. c4 d6 5. Qa4 Na6 6. Qxa5 Qxa5 7. bxa5 Nc5 8.
Bc3 Na4 9. e3 Nxc3 10. Nxc3 Rxa5 11. d4 Nf6 12. Bd3 e5 13. Nge2 Be7 14. O-O O-O
15. Rfb1 exd4 16. exd4 Nd7 17. a4 f5 18. g3 Bf6 19. Ra3 g6 20. Kg2 b6 21. Na2
Re8 22. Nac1 Bb7 23. f3 Rea8 24. Bc2 R5a7 25. Re3 Kf7 26. Bb3 c5 27. d5 Re8 28.
Rxe8 Kxe8 29. Nd3 Bc8 30. Re1 Kd8 31. Nef4 Ne5 32. Nxe5 dxe5 33. Nd3 Re7 34. h4
e4 35. fxe4 fxe4 36. Nf4 Bc3 37. Re3 Bd4 38. Re1 Bg4 39. Ne2 Bf3+ 40. Kf1 Rf7
41. Nxd4 cxd4 42. Kg1 e3 43. a5 bxa5 44. d6 e2 45. Bc2 a4 46. Rb1 Bc6 47. Re1
Rf3 48. Rxe2 d3 49. Bxd3 Rxg3+ 50. Kf2 Rxd3 51. c5 Rf3+ 52. Ke1 Rf7 53. Rg2 Rb7
0-1

[Event "2015 County Championship Final - U180"]
[Site "Leamington Spa"]
[Date "2015.07.04"]
[Round "1.13"]
[White "White, David J"]
[Black "Annetts, Ivor S"]
[Result "1/2-1/2"]
[WhiteElo "165"]
[BlackElo "157"]
[PlyCount "40"]
[EventDate "2015.??.??"]
[WhiteTeam "Middlesex"]
[BlackTeam "Devon"]

1. e4 c6 2. d4 d5 3. exd5 cxd5 4. c4 Nf6 5. Nc3 e6 6. Nf3 Bb4 7. Bd2 O-O 8.
cxd5 Bxc3 9. bxc3 exd5 10. Be2 b6 11. O-O Ba6 12. Re1 Re8 13. Bxa6 Nxa6 14. Qa4
Nc7 15. Bg5 Qd7 16. Qxd7 Nxd7 17. Rac1 Rxe1+ 18. Rxe1 Ne6 19. h3 Rc8 20. Bd2 h6
1/2-1/2

[Event "2015 County Championship Final - U180"]
[Site "Leamington Spa"]
[Date "2015.07.04"]
[Round "1.15"]
[White "Kay, Jonathan"]
[Black "Scott, Chris J"]
[Result "1/2-1/2"]
[WhiteElo "160"]
[BlackElo "154"]
[PlyCount "66"]
[EventDate "2015.??.??"]
[WhiteTeam "Middlesex"]
[BlackTeam "Devon"]

1. d4 d5 2. Bf4 Nf6 3. e3 c5 4. Nc3 e6 5. Nb5 Na6 6. Nf3 Nh5 7. Bg5 Be7 8. Bxe7
Qxe7 9. Ne5 Nf6 10. c3 O-O 11. Bd3 Nd7 12. O-O cxd4 13. exd4 Nxe5 14. dxe5 Nc5
15. Bc2 b6 16. Re1 f5 17. Nd6 Ba6 18. b4 Nd7 19. b5 Bc8 20. Bxf5 g6 21. Bh3 Nc5
22. c4 dxc4 23. Nxc4 Bb7 24. Qd6 Qf7 25. Qd4 Bd5 26. Nd6 Qe7 27. a4 Nb3 28. Qe3
Nxa1 29. Rxa1 Rad8 30. a5 Rxd6 31. exd6 Qxd6 32. axb6 axb6 33. Rd1 Ra8 1/2-1/2

[Event "2015 County Championship Final - U180"]
[Site "Leamington Spa"]
[Date "2015.07.04"]
[Round "1.16"]
[White "Brooks, Paul"]
[Black "Boy Lazoni, Victor Hugo"]
[Result "1-0"]
[WhiteElo "152"]
[BlackElo "159"]
[PlyCount "111"]
[EventDate "2015.??.??"]
[WhiteTeam "Devon"]
[BlackTeam "Middlesex"]

1. d4 d5 2. c4 c6 3. Nc3 Nf6 4. e3 e6 5. Nf3 Bd6 6. b3 Nbd7 7. Bb2 O-O 8. Be2
Qe7 9. O-O a6 10. Qc2 b5 11. e4 dxe4 12. Nxe4 Bb7 13. Nxd6 Qxd6 14. c5 Qf4 15.
Bc1 Qf5 16. Bd3 Qh5 17. Bf4 Nd5 18. Bd6 Rfe8 19. a3 a5 20. Rfe1 h6 21. Re4 Qg6
22. Rae1 f5 23. Rh4 a4 24. b4 Qf6 25. Rh3 Kf7 26. Ne5+ Nxe5 27. Bxe5 Qd8 28.
Rg3 g6 29. Qd2 g5 30. Be2 Rg8 31. Bh5+ Ke7 32. Qe2 Kd7 33. Bd6 Qf6 34. Be5 Qe7
35. Bd6 Qf6 36. Qd2 Rad8 37. Bf3 Rde8 38. Bxd5 exd5 39. Rge3 Re4 40. f3 Ree8
41. Re7+ Rxe7 42. Rxe7+ Qxe7 43. Bxe7 Kxe7 44. Qe3+ Kd8 45. Qe6 Re8 46. Qd6+
Kc8 47. Qxh6 Re3 48. Qxg5 Rxa3 49. h4 Rb3 50. Qd2 Kd8 51. Kh2 a3 52. Qa2 Re3
53. Kg3 Bc8 54. Kf4 Rd3 55. Kg5 Ke7 56. Qe2+ 1-0

[Event "2015 County Championship Final - U160"]
[Site "Leamington Spa"]
[Date "2015.07.04"]
[Round "1.1"]
[White "Lythgoe, Martin"]
[Black "Twitchell, Neville H"]
[Result "1-0"]
[WhiteElo "150"]
[BlackElo "161"]
[PlyCount "37"]
[EventDate "2015.??.??"]
[WhiteTeam "Lancashire"]
[BlackTeam "Essex"]

1. e4 c5 2. Nf3 Nc6 3. c3 Nf6 4. e5 Nd5 5. Bc4 Nb6 6. Bb3 d5 7. exd6 e6 8. O-O
Bxd6 9. d4 cxd4 10. cxd4 O-O 11. Nc3 Nb4 12. Re1 Bd7 13. Ne5 Bxe5 14. dxe5 Bc6
15. Qg4 Qe7 16. Bh6 f6 17. exf6 Rxf6 18. Rxe6 Qc5 19. Re8# 1-0

[Event "2015 County Championship Final - U160"]
[Site "Leamington Spa"]
[Date "2015.07.04"]
[Round "1.2"]
[White "Murrell, Mark RA"]
[Black "Tokeley, Rob"]
[Result "1/2-1/2"]
[WhiteElo "158"]
[BlackElo "156"]
[PlyCount "90"]
[EventDate "2015.??.??"]
[WhiteTeam "Essex"]
[BlackTeam "Lancashire"]

1. d4 d5 2. e3 Nf6 3. Bd3 c6 4. f4 Bg4 5. Nf3 Ne4 6. O-O e6 7. Qe1 Bxf3 8. Rxf3
Nd7 9. b3 Be7 10. Ba3 O-O 11. Bxe7 Qxe7 12. Bxe4 dxe4 13. Rf2 f5 14. c4 Nf6 15.
Nc3 Rfd8 16. Rd1 Rd7 17. Rfd2 Qb4 18. Nb1 Rad8 19. h3 b6 20. Qe2 c5 21. dxc5
Qxc5 22. Rxd7 Rxd7 23. Rxd7 Nxd7 24. Qd2 Qc7 25. Nc3 a6 26. g4 g6 27. g5 Nc5
28. Qd4 Qd7 29. Kf1 Qxd4 30. exd4 Nd3 31. Na4 b5 32. cxb5 axb5 33. Nc3 b4 34.
Ne2 Kf7 35. Kg2 Ke7 36. h4 Kd6 37. h5 Kd5 38. h6 Ne1+ 39. Kf2 Nc2 40. Ng3 Kxd4
41. Ke2 Kc3 42. Nh5 Nd4+ 43. Ke3 Nc2+ 44. Ke2 Nd4+ 45. Ke3 Nc2+ 1/2-1/2

[Event "2015 County Championship Final - U160"]
[Site "Leamington Spa"]
[Date "2015.07.04"]
[Round "1.3"]
[White "Liddle, Colin"]
[Black "Laundy, Peter R"]
[Result "1-0"]
[WhiteElo "158"]
[BlackElo "155"]
[PlyCount "93"]
[EventDate "2015.??.??"]
[WhiteTeam "Lancashire"]
[BlackTeam "Essex"]

1. d4 c6 2. c4 d5 3. Nf3 Nf6 4. b3 Bf5 5. Nc3 e6 6. e3 Nbd7 7. Bd3 Bg6 8. Bxg6
hxg6 9. O-O Bd6 10. Qc2 g5 11. g3 g4 12. Ng5 Bb4 13. a3 Bxc3 14. Qxc3 Qe7 15.
Qd3 O-O-O 16. f3 Rh5 17. e4 Rdh8 18. Ra2 gxf3 19. e5 Ng4 20. Nxf3 dxc4 21. bxc4
Rd8 22. Qe4 f5 23. Qf4 g5 24. Nxg5 Ndxe5 25. h4 Nd3 26. Qf3 Rxd4 27. Be3 Nxe3
28. Qxe3 Rd6 29. Rxf5 b6 30. Rf7 Qe8 31. Qf3 Rh8 32. Rxa7 Kb8 33. Rf7 Ne5 34.
Qf4 Nxf7 35. Nxf7 e5 36. Nxd6 exf4 37. Nxe8 Rxe8 38. gxf4 Re4 39. Rf2 Kc7 40.
h5 Kd6 41. h6 Re8 42. h7 Rh8 43. Rh2 Kc5 44. f5 Kxc4 45. f6 Kb3 46. f7 Kxa3 47.
Rg2 1-0

[Event "2015 County Championship Final - U160"]
[Site "Leamington Spa"]
[Date "2015.07.04"]
[Round "1.4"]
[White "Strachan, Gavin I"]
[Black "Chapman, Peter R"]
[Result "0-1"]
[WhiteElo "153"]
[BlackElo "154"]
[PlyCount "70"]
[EventDate "2015.??.??"]
[WhiteTeam "Essex"]
[BlackTeam "Lancashire"]

1. e4 c5 2. Nc3 e6 3. f4 a6 4. a4 d5 5. Nf3 Nc6 6. d3 Be7 7. g3 dxe4 8. Nxe4
Nf6 9. Bd2 O-O 10. c3 Qd5 11. c4 Qd8 12. Be3 Ng4 13. Bg1 Bf6 14. Nxf6+ Qxf6 15.
h3 Nh6 16. Bxc5 Rd8 17. Qc2 e5 18. Qc3 Qg6 19. Kf2 Nf5 20. Rg1 exf4 21. gxf4
Qh6 22. Rg4 Be6 23. d4 Nd6 24. Rh4 Qxh4+ 25. Nxh4 Ne4+ 26. Ke3 Nxc3 27. bxc3
Re8 28. Kf3 Na5 29. d5 Nb3 30. Rd1 Nxc5 31. dxe6 Rxe6 32. Rd4 Nxa4 33. Rd7 Nxc3
34. Rxb7 Ne4 35. Bd3 Nc5 0-1